Estadísticas socio-económicas de Costa Rica (1960-1977)

Uloženo v:
Podrobná bibliografie
Korporativní autor: Costa Rica. Presidencia de la República. Oficina de Planificación Nacional y Política Económica
Médium: Text
Vydáno: San José: OFIPLAN
Tagy: Přidat tag
Žádné tagy, Buďte první, kdo vytvoří štítek k tomuto záznamu!

MARC

LEADER 00000 a a2200000 04500
001 15471
003
040
090 |a 019100  
110 |a Costa Rica. Presidencia de la República. Oficina de Planificación Nacional y Política Económica  
245 |a Estadísticas socio-económicas de Costa Rica (1960-1977)  
260 |a San José:   |b OFIPLAN  
300 |a 32 p.  
999 |c 3750  |d 3750